Biblioteca

Heart speaks to heart (Registro nro. 45499)

Detalles MARC
000 -LÍDER
Campo fijo de descripción fija 01375aam a2200325 i 4500
001 - NÚMERO DE CONTROL
Campo de control 19124
003 - IDENTIFICADOR DEL NÚMERO DE CONTROL
Campo de control CO-MdFUSB
005 - FECHA Y HORA DE LA ULTIMA TRANSACCIÓN
control field 20180726095158.0
008 - ELEMENTOS DE LONGITUD FIJA -- INFORMACIÓN GENERAL
Campo fijo de descripción fija -- Información general 180726t2004 enk||||g |||| 00| 0 eng d
020 ## - NÚMERO INTERNACIONAL NORMALIZADO PARA LIBROS
Número Internacional Normalizado del libro 0-232-52385-1
040 ## - FUENTE DE CATALOGACIÓN
Agencia de catalogación original CO-MdFUSB
Idioma de catalogación spa
Agencia que realiza la transcripción CO-MdFUSB
Agencia que realiza la modificación CO-MdFUSB
Convenciones de la descripción rda
041 ## - CÓDIGO DE IDIOMA
Código de idioma para texto/pista de sonido o título separado eng
082 ## - NÚMERO DE CLASIFICACIÓN DECIMAL DEWEY
Número de la edición del Dewey 24
Número de clasificación G 255.79
Clave de autor-Numero de item W947h
100 1# - ASIENTO PRINCIPAL--NOMBRE PERSONAL
Nombre personal Wright, Wendy M.
Término relacionador autor
245 10 - TÍTULO
Título del Material Heart speaks to heart
Parte restante del título - Subtitulo : The Salesian tradition
Mención de responsabilidad, etc. / Wright, Wendy M.
264 #1 - PRODUCCIÓN, PUBLICACIÓN, DISTRIBUCIÓN, MANUFACTURA, Y COPYRIGHT
Lugar de producción, publicación, distribución, manufactura London :
Nombre del productor, publicador, distribuidor Darton, Longman & Todd,
Fecha de producción, publicación, distribución, manufactura, o copyright ℗2004
264 #4 - PRODUCCIÓN, PUBLICACIÓN, DISTRIBUCIÓN, MANUFACTURA, Y COPYRIGHT
Fecha de producción, publicación, distribución, manufactura, o copyright ©2004
300 ## - DESCRIPCIÓN FÍSICA
Extensión 216 páginas
Dimensiones ; 21 cm
336 ## - TIPO DE CONTENIDO
Fuente rdacontent
Término de tipo de contenido texto
Código de tipo de contenido txt
337 ## - TIPO DE MEDIO
Fuente rdamedia
Nombre del tipo de medio sin mediación
Código del tipo de medio n
338 ## - TIPO DE SOPORTE
Fuente rdacarrier
Nombre del tipo de soporte volumen
Código Tipo de soporte nc
501 ## - NOTA DE “CON”
Nota de Contenido Incluye indice (páginas 210- 216)
504 ## - NOTA DE BIBLIOGRAFÍA, ETC.
Nota de bibliografía, etc Bibliografía (páginas 207- 209)
505 00 - NOTA DE CONTENIDO
Nota de contenido con formato preestablecido La tradición espiritual de los salesianos -- Francis de Sales -- La Sainte Source: Jane de Chantal y la visitación de la Santa María -- 'Una gran luz': Difusión del espíritu salesiano -- Margaret Mary Alacoque y el corazón sagrado -- Pentecostés de los salesianos del siglo XIX -- La llamada universal a la santidad: El segundo concilio vaticano y los santos salesianos
563 ## - NOTA DE ENCUADERNACIÓN
Nota de encuadernación Rústico
653 ## - TÉRMINO DE INDIZACIÓN - NO CONTROLADO
Término no controlado Iglesia Católica Romana -- órdenes religiosas
653 ## - TÉRMINO DE INDIZACIÓN - NO CONTROLADO
Término no controlado Monasticismo -- Cristianismo
942 ## - TIPO DE MATERIAL (KOHA)
Tipo de Item KOHA Libros General
Existencias
Estado de Material Estado de Perdido Forma de Clasificación Estado de Dañado No para Préstamo Colección Tomo Biblioteca de Origen Biblioteca Permanente Fecha de Adquisición Total de Préstamos Signatura Topográfica Código de Barras Última vez visto Ejemplar/Existencia Fecha de Remplazo Tipo de Material
    Dewey Decimal Classification     Colección General   Biblioteca FUSBC Biblioteca FUSBC 06/03/2015   G 255.79 W947h 19159 12/12/2019 Ej. 1 26/01/2016 Libros General

Biblioteca FUSBC | Teléfono: (57+4) 349 88 10 Ext. 141| WhatsApp (+57) 3005338115 
E-mail: biblioteca@unisbc.edu.co | Calle 76 87-14 Robledo Palenque, Medellín, Colombia

Con tecnología Koha